Les ivoires d'Ougarit et l'art des ivoiriers du Levant au Bronze Récent /

محفوظ في:

المؤلف الرئيسي: Gachet-Bizollon, Jacqueline (مؤلف)

التنسيق: كتاب

اللغة: French

منشور في: Paris : Éditions Recherche sur les civilisations, 2007.

سلاسل: Ras Shamra-Ougarit ; 16.

الموضوعات:

الوسوم: إضافة وسم

لا توجد وسوم, كن أول من يضع وسما على هذه التسجيلة!

رقم الطلب: NK5973.6 .S92 U334 2007

LEADER 01346nam a22003017a 4500
003 OSt
005 20250901124631.0
008 250303s2007 fr ab g b 000 0 fre d
020 |a 9782865383122 
040 |c ARCE Library 
043 |a a-sy---  
050 1 4 |a NK5973.6 .S92   |b U334 2007 
100 1 |a Gachet-Bizollon, Jacqueline,   |e author  |9 30396 
245 1 4 |a Les ivoires d'Ougarit et l'art des ivoiriers du Levant au Bronze Récent /   |c Jacqueline Gachet-Bizollon.  
264 1 |a Paris :   |b Éditions Recherche sur les civilisations,   |c 2007. 
300 |a 477 pages :   |b illustrations (some color), maps ;   |c 30 cm.  
490 0 |a Publications de la Mission archéologique française de Ras Shamra-Ougarit. 
490 1 |a Ras Shamra-Ougarit ;   |v 16. 
504 |a Includes bibliographical references (p. [337]-347). 
505 0 |a Pt. 1. Le travail de l'ivoire au Bronze Récent : matériaux, ateliers et artisans, techniques -- pt. 2. Formes, fonctions, décors : étude comparative du répertoire du Lvant et de Chypre -- pt. 3. Catalogue. 
650 0 |a Bronze age  |z Syria  |z Ugarit (Extinct city)  
650 0 |a Ivories  |z Syria  |z Ugarit (Extinct city)  
650 0 |a Ivory carving  |z Syria  |z Ugarit (Extinct city)  
651 0 |a Syria  |x Antiquities. 
830 0 |a Ras Shamra-Ougarit ;   |v 16. 
901 |a reviewed 
942 |c BK  |2 lcc 
999 |c 23890  |d 23890